こち亀 人物等の登場話数ランキング - Statistics

General Stats
  • This quiz has been taken 9 times
  • The average score is 9 of 50
Answer Stats
順位 登場回数 初登場巻 人物 % Correct
1 1955 1 両津勘吉
100%
2 1776 1 中川圭一
71%
4 1271 1 大原大次郎
71%
5 479 14 本田速人
71%
3 1523 11 秋本・カトリーヌ・麗子
57%
9 189 118 擬宝珠纏
57%
8 200 67 麻里愛
43%
15 105 110 磯鷲早矢
43%
7 324 1 丸井ヤング館
29%
11 139 119 擬宝珠檸檬
29%
12 136 54 ボルボ西郷
29%
13 125 119 擬宝珠夏春都
29%
17 98 40 凄苦残念
29%
6 331 11 頓田五目須
14%
10 140 85 早乙女リカ
14%
14 122 1 戸塚金次
14%
16 101 99 左近寺竜之介
14%
18 63 94 乙姫菜々
14%
21 56 140 御堂春
14%
26 52 119 擬宝珠夜婁紫喰
14%
26 52 14 両津銀次
14%
28 50 126 擬宝珠蜜柑
14%
29 49 121 擬宝珠桔梗
14%
31 40 4
14%
32 37 140 芦原レイ
14%
37 33 85 電極スパーク
14%
39 32 35 両津勘兵衛
14%
42 30 53 丸出ダメ太郎
14%
45 26 176 雑学
14%
47 25 17 星逃田
14%
18 63 22 大原良子
0%
20 57 108 小栗愛美
0%
21 56 29 両津よね
0%
21 56 92 ジョディー・爆竜・カレン
0%
24 53 59 戸田豚平
0%
24 53 59 千田珍吉
0%
30 44 140 浪花署長
0%
33 35 1 角田ひろみ
0%
34 34 11 次長
0%
34 34 82 電極+
0%
34 34 92 爆竜鬼虎
0%
37 33 5 吉原トメ
0%
39 32 41 角田大介
0%
41 31 143 海鞘部長刑事
0%
42 30 84 江崎コロ助
0%
44 29 140 貫井崎係長
0%
45 26 20 両津金次郎
0%
47 25 140 巻波課長
0%
49 24 43 花山理香
0%
49 24 110 磯鷲剣之介
0%
No matching quizzes found
Score Distribution
Percent of People with Each Score
Percentile by Number Answered
Your Score History
You have not taken this quiz